Countries that is written in romaji - Statistics

General Stats
  • This quiz has been taken 19 times
  • The average score is 25 of 30
Answer Stats
ローマ字 Answer % Correct
afuganisutan Afghanistan
100%
arujeria Algeria
100%
andora Andorra
100%
angora Angola
100%
anthigua・bābūda Antigua and Barbuda
100%
arumenia Armenia
100%
ōsutoraria Australia
100%
ōsutoria Austria
100%
azerubaijan Azerbaijan
100%
bahama Bahamas
100%
banguradeshu Bangladesh
100%
barubadosu Barbados
100%
berarūshi Belarus
100%
berīzu Belize
100%
benan Benin
100%
būtan Bhutan
100%
boribia Bolivia
100%
bosunia・herutsegobina Bosnia and Herzegovina
100%
burajiru Brazil
100%
burunei Brunei
100%
burugaria Bulgaria
100%
burukinafaso Burkina Faso
100%
burunji Burundi
100%
kambojia Cambodia
100%
kanada Canada
100%
kāboberude Cape Verde
100%
chiri Chile
100%
chūgoku China
100%
korombia Colombia
100%
kosutarika Costa Rica
100%
kuroachia Croatia
100%
kyūba Cuba
100%
kongominshukyōwakoku Democratic Republic of the Congo
100%
demmāku Denmark
100%
jibuchi Djibouti
100%
dominikakyōwakoku Dominican Republic
100%
ekuadoru Ecuador
100%
esutonia Estonia
100%
esuwatini Eswatini
100%
mikuroneshia Federated States of Micronesia
100%
fijī Fiji
100%
finrando Finland
100%
furansu France
100%
gabon Gabon
100%
gambia Gambia
100%
jōjia Georgia
100%
gāna Ghana
100%
gurenada Grenada
100%
guatemara Guatemala
100%
giniabisau Guinea-Bissau
100%
gaiana Guyana
100%
hangarī Hungary
100%
indo India
100%
indoneshia Indonesia
100%
iran Iran
100%
iraku Iraq
100%
isuraeru Israel
100%
itaria Italy
100%
nippon Japan
100%
yorudan Jordan
100%
kenia Kenya
100%
kiribasu Kiribati
100%
kosobo Kosovo
100%
kuwēto Kuwait
100%
kirugisu Kyrgyzstan
100%
rebanon Lebanon
100%
resoto Lesotho
100%
ribia Libya
100%
rihitenshutain Liechtenstein
100%
ritoania Lithuania
100%
madagasukaru Madagascar
100%
maraui Malawi
100%
marēshia Malaysia
100%
mari Mali
100%
mekishiko Mexico
100%
monteneguro Montenegro
100%
namibia Namibia
100%
nauru Nauru
100%
nepāru Nepal
100%
nyūjīrando New Zealand
100%
nikaragua Nicaragua
100%
nijeru Niger
100%
naijeria Nigeria
100%
kitamakedonia North Macedonia
100%
omān Oman
100%
parao Palau
100%
panama Panama
100%
paraguai Paraguay
100%
perū Peru
100%
pōrando Poland
100%
porutogaru Portugal
100%
kongokyōwakoku Republic of the Congo
100%
rūmania Romania
100%
ruwanda Rwanda
100%
sammarino San Marino
100%
senegaru Senegal
100%
serubia Serbia
100%
shierareone Sierra Leone
100%
shingapōru Singapore
100%
surobakia Slovakia
100%
surobenia Slovenia
100%
somaria Somalia
100%
minamisūdan South Sudan
100%
supein Spain
100%
suriranka Sri Lanka
100%
sūdan Sudan
100%
shiria Syria
100%
tanzania Tanzania
100%
tōgo Togo
100%
tonga Tonga
100%
torinidādo・tobago Trinidad and Tobago
100%
toruko Turkey
100%
ukuraina Ukraine
100%
arabushuchōkokurempō United Arab Emirates
100%
amerika United States
100%
benezuera Venezuela
100%
iemen Yemen
100%
zambia Zambia
100%
jimbabue Zimbabwe
100%
chūōafurika Central African Republic
83%
riberia Liberia
83%
uganda Uganda
83%
botsuwana Botswana
80%
jamaika Jamaica
80%
saujiarabia Saudi Arabia
80%
minamiafurika South Africa
80%
tajikisutan Tajikistan
80%
airurando Ireland
75%
mōritania Mauritania
75%
monako Monaco
75%
uzubekisutan Uzbekistan
75%
banuatsu Vanuatu
75%
arubania Albania
67%
cheko Czech Republic
67%
ejiputo Egypt
67%
eritoria Eritrea
67%
ginia Guinea
67%
raosu Laos
67%
morudhibu Maldives
67%
mongoru Mongolia
67%
papuanyūginia Papua New Guinea
67%
firipin Philippines
67%
santome・purinshipe São Tomé and Príncipe
67%
soromonshotō Solomon Islands
67%
surinamu Suriname
67%
igirisu United Kingdom
67%
uruguai Uruguay
67%
echiopia Ethiopia
60%
honjurasu Honduras
60%
maruta Malta
60%
myammā Myanmar
60%
betonamu Vietnam
60%
bārēn Bahrain
50%
kipurosu Cyprus
50%
doitsu Germany
50%
aisurando Iceland
50%
kazafusutan Kazakhstan
50%
māsharushotō Marshall Islands
50%
morokko Morocco
50%
oranda Netherlands
50%
norūwē Norway
50%
tsubaru Tuvalu
50%
erusarubadoru El Salvador
40%
berugī Belgium
33%
komoro Comoros
33%
ratobia Latvia
33%
rukusemburuku Luxembourg
33%
mōrishasu Mauritius
33%
morudoba Moldova
33%
sentokurisutofā・neibisu Saint Kitts and Nevis
33%
girisha Greece
25%
bachikanshikoku Vatican City
25%
aruzenchin Argentina
0%
kamerūn Cameroon
0%
chado Chad
0%
dominikakoku Dominica
0%
higashithimōru East Timor
0%
sekidōginia Equatorial Guinea
0%
haichi Haiti
0%
kōtojibowāru Ivory Coast
0%
mozambīku Mozambique
0%
kitachōsen North Korea
0%
pakisutan Pakistan
0%
katāru Qatar
0%
roshia Russia
0%
sentorushia Saint Lucia
0%
sentobinsentōyobigurenadhinshotō Saint Vincent and the Grenadines
0%
samoa Samoa
0%
sēsheru Seychelles
0%
kankoku South Korea
0%
sūwēden Sweden
0%
suisu Switzerland
0%
taiwan Taiwan
0%
tai Thailand
0%
chunijia Tunisia
0%
torukumenisutan Turkmenistan
0%
No matching quizzes found
Score Distribution
Percent of People with Each Score
Percentile by Number Answered
Your Score History
You have not taken this quiz